000 00869nam a2200253Ia 4500
003 OSt
005 20221005111859.0
006 a|||||r|||| 00| 0
007 ta
008 221004b |||||||| |||| 00| 0 hin d
024 _a30433
037 _cTextual
040 _aCRL
_cCRL
_bhin
041 _2hin
_ahin
082 _aWx1,1, 15(K6)
100 _aनागर, उदय कृष्ण, अनु.
_9623680
245 0 _aकौटिलीय अर्थशास्त्र
246 _aKauṭilīya arthashāstra
260 _aवाराणसी
_bगीवणि वाण्वर्धिनी सभा भारत
_c1966
300 _a267पृ0
_ccm.
650 _aअर्थशास्त्र
942 _hWx1,1, 15(K6)
_cTEXL
_2cc
999 _c1023173
_d1023173